| 000 | 01178nam a22002657a 4500 | ||
|---|---|---|---|
| 001 | BD-DhSAU 7469 | ||
| 003 | BD-DhSAU | ||
| 005 | 20240319110005.0 | ||
| 008 | 150422b2006 bg ||||| m||m 00| 0 eng d | ||
| 040 | _aBD-DhSAU | ||
| 082 |
_222 _a630.2 _bAr589 |
||
| 100 |
_eRegistration No. # 15-06676 _aAL ARMUN |
||
| 245 |
_aAssessment of metal pollution in the crop fields
adjacent to industrial areas of kushtia and jheniaidah
districts of bangladesh /
_bMS thesis |
||
| 260 |
_aSher-e- Bangla Agricultural University: _bDepartment of Agricultural Chemistry, _c2022. |
||
| 300 |
_av, 38p.: _b30 cm. |
||
| 500 | _aMS thesis of Department of Agricultural Chemistry , Faculty of Agriculture, Sher-e-Bangla Agricultural University, Dhaka, Bangladesh | ||
| 590 | _aNamul | ||
| 650 | _ametal pollution | ||
| 651 | _acrop fields adjacent | ||
| 654 | _aindustrial areas of kushtia and jheniaidah districts of bangladesh | ||
| 700 |
_aProf. Dr. Md. Sirajul Islam Khan _eSuperviser |
||
| 700 |
_aAssico. Prof. Dr. Abdul Kaium _eCo-Superviser |
||
| 856 | _uhttp://archive.saulibrary.edu.bd:8080/xmlui/handle/123456789/5095 | ||
| 942 |
_2ddc _cTHESIS |
||
| 999 |
_c17419 _d17418 |
||